[Event "GER Seniors Derby 07th"]
[Site "Wesel Undeloh"]
[Date "2008.03.29"]
[Round "6.12"]
[White "Mayer, Herbert"]
[Black "Puschmann, Lothar"]
[Result "1-0"]
[WhiteElo "1775"]
[BlackElo "1619"]
[PlyCount "107"]
[EventDate "2008.03.27"]
[EventType "swiss"]
[EventRounds "7"]
[EventCountry "GER"]
[SourceTitle "EXT 2022"]
[Source "ChessBase"]
[SourceDate "2021.10.06"]
[SourceVersion "1"]
[SourceVersionDate "2021.10.06"]
[SourceQuality "1"]

1. f4 Nf6 2. b3 g6 3. Bb2 Bg7 4. Nf3 0-0 5. e3 Nc6 6. Be2 d6 7. 0-0 Re8 8. Qe1 e5 9. fxe5 dxe5 10. Bb5 Nd7 11. Bxc6 bxc6 12. e4 Qe7 13. Ba3 Qd8 14. d3 Nb6 15. Nbd2 Be6 16. Rd1 Nc8 17. Qg3 f6 18. Bc5 Bf8 19. Be3 c5 20. Nh4 Qe7 21. Nf5 Qf7 22. Kh1 Kh8 23. Nh4 Qg7 24. Qf2 g5 25. Nf5 Bxf5 26. Qxf5 Be7 27. Qd7 Nb6 28. Qg4 Rad8 29. Rf3 Rf8 30. Rdf1 Rf7 31. a4 Rdf8 32. a5 Nc8 33. Nc4 Bd6 34. Qh5 Kg8 35. h4 h6 36. Kg1 Ne7 37. hxg5 hxg5 38. Rg3 Qg6 39. Qg4 Kh8 40. Rh3+ Rh7 41. Rxh7+ Kxh7 42. Bxg5 Kg7 43. Nxd6 fxg5 44. Rxf8 Kxf8 45. Nc4 Qf6 46. Qf3 Kf7 47. Nxe5+ Ke6 48. Qxf6+ Kxf6 49. Nd7+ Ke6 50. Nxc5+ Kd6 51. Nb7+ Kc6 52. Nd8+ Kb5 53. Ne6 Kxa5 54. Nxg5 1-0